Los hijos de María : cuento del Cáucaso /

Uloženo v:
Podrobná bibliografie
Hlavní autor: Spillmann, Joseph (autor)
Médium: Kniha
Jazyk:španělština
Vydáno: Friburgo, Alemania : Herder, 1921, c1921
Vydání:5a edición
Edice:(Desde Lejanas Tierras ; 3)
Témata:
Tagy: Přidat tag
Žádné tagy, Buďte první, kdo vytvoří štítek k tomuto záznamu!

MARC

LEADER 00000nam^a2200000^a^4500
001 000566276
005 20250526000000.0
009 20260310132103.932
037 |a Acervo ITESO - Biblioteca 
041 |a ESP 
082 |a 833.  |b SPI 
100 |a Spillmann, Joseph  |e (autor) 
245 1 4 |a Los hijos de María :  |b cuento del Cáucaso /  |c J. Spillmann. 
250 |a 5a edición 
264 4 |a Friburgo, Alemania :  |b Herder,  |c 1921, c1921 
300 |a 96 p., [6 láminas] ;  |c 17.5 cm. 
336 |a texto  |b txt  |2 rdacontenido 
337 |a sin mediación  |b n  |2 rdamedio 
338 |a volumen  |b nc  |2 rdasoporte 
440 1 |a (Desde Lejanas Tierras ;  |v 3) 
500 |a Traducción de: Die Marienkinder 
501 |a Encuadernación particular 
561 |a Ex libris de Biblioteca Ornelas 
649 |a XX 
650 |a Jóvenes en la Literatura 
650 |a Grupos Etnicos en la Literatura 
650 |a Novela Alemana 
650 |a Literatura Suiza -  |y Siglo XIX 
650 |a Literatura en Alemán -  |z Suiza 
650 |a Literatura Juvenil -  |z Suiza 
650 |a Literatura Religiosa -  |z Suiza 
650 |a Evangelización en la Literatura 
650 |a Cáucaso (Región) en la Literatura 
910 |a Fondo Jesús Gómez Fregoso S.J. ITE 
920 |a Impresos - Libros 
930 |a Libros Antiguos y Raros 
940 |a Literatura 
905 |a 138 
901 |a 0500400671  |b IT2  |c LRA  |i D69466  |u 20250526 
902 |a https://opac.biblio.iteso.mx/vufind/Record/000566276